Southville International School and Colleges
Your cart is empty.
  • Cart
  • Lists
    Public lists Eva Luna New books Lux_list list_1
    Your lists Log in to create your own lists
  • Log in to your account
  • Your cookies
  • Search history
Southville International School and Colleges
  • Advanced search
  • Recent comments
  • Most popular
  • Libraries

Log in to your account

Log in with GOOGLE


If you do not have an external account, but do have a local account, you can still log in:

  1. Home
  2. MARC view: Baby Einstein :
Normal view MARC view ISBD view

Baby Einstein : (Record no. 106246)

[ view plain ]
MARC details
000 -LEADER
fixed length control field 00469nam a2200169 a 4500
005 - DATE AND TIME OF LATEST TRANSACTION
control field 20140412111426.0
008 - FIXED-LENGTH DATA ELEMENTS--GENERAL INFORMATION
fixed length control field 090701s19uu xx 00 eng d
020 ## - INTERNATIONAL STANDARD BOOK NUMBER
International Standard Book Number 078680805-5
050 ## - LIBRARY OF CONGRESS CALL NUMBER
Classification number ER
Item number Ba11 2001
100 ## - MAIN ENTRY--PERSONAL NAME
Personal name Clark, Julie Aigner
245 ## - TITLE STATEMENT
Title Baby Einstein :
Remainder of title Van Gogh's world of color /
Statement of responsibility, etc Julie Aigner Clark.
260 ## - PUBLICATION, DISTRIBUTION, ETC. (IMPRINT)
Place of publication, distribution, etc New York :
Name of publisher, distributor, etc Baby Einstein Company,
Date of publication, distribution, etc 2001.
300 ## - PHYSICAL DESCRIPTION
Extent 1v. unp.
650 ## - SUBJECT ADDED ENTRY--TOPICAL TERM
Topical term or geographic name as entry element Colors
650 ## - SUBJECT ADDED ENTRY--TOPICAL TERM
Topical term or geographic name as entry element Painting
Holdings
Withdrawn status Lost status Damaged status Home library Current library Shelving location Date acquired Source of acquisition Total Checkouts Full call number Barcode Date last seen Price effective from Koha item type
      Elizalde Library Elizalde Library Easy Reading Section 07/01/2009     ER Ba11 2001 E11482 04/12/2014 04/12/2014 Books

Baby Einstein :

APA

Clark J. A., . (2001). Baby Einstein. New York: Baby Einstein Company.

Chicago

Clark Julie Aigner, . 2001. Baby Einstein. New York: Baby Einstein Company.

Harvard

Clark J. A., . (2001). Baby Einstein. New York: Baby Einstein Company.

MLA

Clark Julie Aigner, . Baby Einstein. New York: Baby Einstein Company. 2001.

  • Place hold
  • Print
  • Cite
  • Add to your cart (remove)
  • Save record
    BIBTEX Dublin Core MARCXML MARC (non-Unicode/MARC-8) MARC (Unicode/UTF-8) MARC (Unicode/UTF-8, Standard) MODS (XML) RIS
  • More searches
    Search for this title in:
    Other Libraries (WorldCat) Other Databases (Google Scholar) Online Stores (Bookfinder.com) Open Library (openlibrary.org)

Exporting to Dublin Core...

SOUTHVILLE LIBRARY

Southville International School and Colleges Library

1281 Tropical Ave. Cor. Luxembourg St., BF Homes International, Las Pinas City

Tel. No. 8256374 / 252358 Loc. 117/146

Powered by Koha